Alle heutigen Länder, kontrolliert von chinesischen Völkern - Statistiken

Allgemein
  • Dieses Quiz wurde 378 mal gespielt
  • Das Durchschnittsergebnis liegt bei 35 aus 39
Antworten auf der Karte
Die Antworten werden auf der Karte rot bzw. grün angezeigt, abhängig davon wie oft sie richtig erraten wurden.
 
Antwortstatistiken
Länder % Korrekt
China
99%
Japan
99%
Mongolei
99%
Südkorea
99%
Nordkorea
98%
Russland
98%
Kasachstan
97%
Thailand
97%
Vietnam
96%
Indien
95%
Nepal
95%
Indonesien
94%
Afghanistan
93%
Saudi-Arabien
93%
Taiwan
93%
Bangladesch
92%
Iran
92%
Kambodscha
92%
Laos
92%
Myanmar
92%
Pakistan
92%
Sri Lanka
92%
Usbekistan
92%
Malaysia
91%
Turkmenistan
91%
Bhutan
90%
Katar
90%
Kirgisistan
90%
Georgien
89%
Philippinen
89%
Tadschikistan
89%
Vereinigte Arabische Emirate
89%
Jemen
88%
Somalia
84%
Oman
83%
Brunei
77%
Kenia
76%
Malediven
72%
Bahrain
57%
Keine übereinstimmenden Quizze gefunden
Verteilung der Resultate
Anzahl Personen mit jedem Resultat
Perzentil nach korrekt beantworteten Fragen
Ihre Resultats-Entwicklung
Sie haben dieses Quiz noch nicht gespielt